000 00365 a2200169 4500
001 189547
020 _a85-01-03989-6
040 _cMagnum
100 _aAmado, Jorge
240 1 0 _aNavegação de cabotagem
_lpor
245 1 0 _aNavegação de cabotagem
300 _a543
362 0 _a2006
440 1 _aRecord
697 _aESTUDOS BIOGRÁFICOS
942 _cBK
999 _c189547
_d189547